LEADER 01218nam a2200301 i 4500 001 991000037189707536 005 20020503112913.0 008 980312s1984 uk ||| | eng 020 $a0521261902 035 $ab10015899-39ule_inst 035 $aocm00009021$9ExL 040 $aDip.to Beni Culturali$bita 082 0 $a949.53 100 1 $aNicol, Donald MacGillivran$0459438 245 14$aThe despotate of Epiros, 1267-1479 :$ba contribution to the history of Greece in the Middle Ages /$cDonald M. Nicol 260 $aCambridge [Cambridgeshire] ; New York :$bCambridge University Press,$c1984 300 $axiii, 297 p. :$bmap, geneal. tables ;$c24 cm. 500 $aIncludes index. 500 $aBibliography: p. 259-280 650 4$aCivilization, Medieval 650 4$aEpirus (Greece and Albania) - History - Despotate, 1204-1318 651 4$aByzantine Empire$xHistory$y1081-1453 907 $a.b10015899$b21-09-06$c31-05-02 912 $a991000037189707536 945 $aLE001 SG II 151$g1$i2001000190270$lle001$o-$pE0.00$q-$rl$s- $t0$u0$v0$w0$x0$y.i10018906$z31-05-02 996 $aDespotate of Epiros, 1267-1479$9175321 997 $aUNISALENTO 998 $ale001$b01-01-98$cm$da $e-$feng$guk $h4$i1 LEADER 01090oam 2200337 a 450 001 9910699089903321 005 20090805093707.0 035 $a(CKB)5470000002398983 035 $a(OCoLC)326882152 035 $a(EXLCZ)995470000002398983 100 $a20090519d2009 ua 0 101 0 $aeng 135 $aurmn||||||||| 181 $ctxt$2rdacontent 182 $cc$2rdamedia 183 $acr$2rdacarrier 200 10$aFinancial management$b[electronic resource] $eachieving financial statement auditability in the Department of Defense : report to congressional requesters 210 1$a[Washington, D.C.] :$cU.S. Govt. Accountability Office,$d[2009] 215 $a1 online resource (i, 71 pages) 300 $aTitle from title screen (GAO, viewed on May 19, 2009). 300 $a"May 2009." 300 $a"GAO-09-373." 320 $aIncludes bibliographical references. 517 $aFinancial management 801 0$bDID 801 1$bDID 801 2$bGPO 906 $aBOOK 912 $a9910699089903321 996 $aFinancial Management$9424135 997 $aUNINA